Por vivir aquí [Música],canciones para una exposición (Record no. 14254)

MARC details
000 - LÍDER
campo de control de longitud fija 00886nam a2200169Ia 4500
008 - ELEMENTOS DE DATOS DE LONGITUD FIJA - INFORMACIÓN GENERAL
campo de control de longitud fija 0000002007 sp 0000000000spa00
090 ## - NÚMERO DE LLAMADA DE TIPO LC LOCALMENTE ASIGNADO (OCLC)
Número de clasificación (OCLC) (R) PSP05 S91p
100 1# - ENTRADA PRINCIPAL - NOMBRE PERSONAL
Nombre de la persona Sycet, Pablo
Fechas asociadas a un nombre 1953
245 10 - TÍTULO DECLARACIÓN
Título Por vivir aquí [Música],canciones para una exposición
Resto del título : Los papeles de Olont 19822007
Declaración de responsabilidad / Pablo Sycet
260 ## - PUBLICACIÓN, DISTRIBUCIÓN
Lugar de publicación España : Habana Proyectos Musicales
Fecha de publicación 2007
300 ## - DESCRIPCIÓN FÍSICA
Alcance 1 disco compacto son., estereo (57 min.)
Dimensiones / 13 cm.
500 ## - NOTA GENERAL
Nota general Este disco es material acompañante del catálogo titulado: Los papeles de Olont. Consultarlo con clasificación: PSP00 S91p
505 ## - NOTA DE CONTENIDO FORMATEADA
Nota sobre el contenido formateado CANCIONES: Demasiado tiempo Sentir Prisionero En el nombre del amor LA llamada de tu sangre Por vivir aqu Palabras Capital del dolor
650 14 - ENTRADA DE SUJETO AÑADIDO - TÉRMINO TÓPICO
Término tópico o elemento de entrada del nombre geográfico ARTE Y MUSICA DISCOS COMPACTOS
650 14 - ENTRADA DE SUJETO AÑADIDO - TÉRMINO TÓPICO
Término tópico o elemento de entrada del nombre geográfico MUSICA EN EL ARTE DISCOS COMPACTOS
Holdings
Estado de retirada Pérdida de estatus Estado dañado No para préstamo Código de recogida Ubicación permanente Ubicación actual Ubicación de las estanterías Fecha de adquisición Número de llamada completo Código de barras Fecha de la última vez que se vio Número de copia Precio efectivo desde Tipo de artículo Koha
        General ArtNexus ArtNexus General 06/09/2022 P-SP-05 S91P 14485 06/09/2022 Ej.1 06/09/2022 Libro

Powered by Koha